Není dluh jako dluh. Odhodlají se banky k hypotékám?

Nedostatočnosť škály úverov, ktoré poskytujú finančné inštitúcie. Vo vzťahu podnikateľ - banka najviac chýba hypotéka. Ide o zástavné právo na nehnuteľnosť a o hypotekárny stavebný úver. Odlišnosti hypotéky od ostatných druhov úveru.

Gespeichert in:
Bibliographische Detailangaben
1. Verfasser: Sedlářová, D.
Weitere Verfasser: Zahradová, D.
Format: Buchkapitel
Sprache:Tschechisch
Schlagworte:
Tags: Tag hinzufügen
Keine Tags, Fügen Sie das erste Tag hinzu!

MARC

LEADER 00000naa a2200000 4500
001 r010323
005 20220831083841.2
041 0 |a cze 
044 |a [CS] 
245 1 0 |a Není dluh jako dluh.  |b Odhodlají se banky k hypotékám?  |c D. Sedlářová, D. Zahradová 
520 |a Nedostatočnosť škály úverov, ktoré poskytujú finančné inštitúcie. Vo vzťahu podnikateľ - banka najviac chýba hypotéka. Ide o zástavné právo na nehnuteľnosť a o hypotekárny stavebný úver. Odlišnosti hypotéky od ostatných druhov úveru. 
610 2 0 |a banky 
610 2 0 |a podnikatelia 
610 2 0 |a úver bankový 
610 2 0 |a hypotéky 
610 2 0 |a nehnuteľnosti 
100 1 |a Sedlářová, D. 
700 1 |a Zahradová, D.